000 00248nam a2200085Ia 4500
245 0 _aSongs and secrets
100 _a Gilder, Barry, , 1950- Auckland Park, South Africa, 2012
_942146
942 _cBK
008 210817s9999 xx 000 0 und d
999 _c324413
_d324412